000
00330nam a2200145Ia 4500
008
150301s2015 xx 000 0 und d
082
_a
614.1
_b
P15R
100
_a
RAJE, V.N
245
_a
PHARMACEUTICAL JURISPRUDENCE
250
_a
1ST
260
_b
CBS- DELHI
300
_a
121
650
_a
PHARMACEUTICS
942
_2
ddc
_c
BK
_0
20
999
_c
7263
_d
7263